Top 30 des Films Français au plus grand nombre d’entrées en France - Statistiques

Statistiques générales
  • Ce quiz a été pris 199 fois
  • Le résultat moyen est 7 sur 30
Statistiques - réponses
Rang Année Entrée Film % Correct
2 2011 19 490 688 Intouchables
83%
1 2008 20 489 303 Bienvenue chez les Ch’tis
82%
3 1966 17 317 745 La Grande Vadrouille
63%
8 2014 12 366 033 Qu’est-ce qu’on a fait au bon dieu ?
51%
5 1993 13 782 991 Les Visiteurs
45%
4 2002 14 559 509 Astérix et Obelix : Mission Cléopatre
41%
15 1998 9 247 001 Le Dîner de cons
39%
9 1965 11 739 783 Le Corniaud
31%
10 2006 10 355 930 Les Bronzés 3 : Amis pour la vie
26%
29 1964 7 809 334 Le Gendarme de Saint-Tropez
24%
16 1988 9 194 343 Le Grand Bleu
24%
11 2000 10 345 901 Taxi 2
20%
26 1998 8 043 129 Les Couloirs du temps : Les Visiteurs 2
18%
22 2001 8 636 041 Le Fabuleux Destin d’Amélie Poulain
17%
23 2004 8 636 016 Les Choristes
13%
118 1999 8 948 624 Astérix et Obelix contre César
12%
24 2011 8 150 825 Rien à déclarer
11%
13 1957 9 940 533 Les Misérables
9%
14 1962 9 936 391 La Guerre des boutons
8%
6 1952 12 791 168 Le Petit Monde de don Camillo
8%
27 1994 7 870 802 Un Indien dans la ville
8%
20 1959 8 844 199 La Vache et le Prisonnier
7%
7 1937 12 500 000 La Grande Illusion
6%
12 1985 10 251 465 Trois hommes et un couffin
6%
28 2001 7 826 393 La Vérité si je mens ! 2
4%
30 1954 7 780 642 Le Comte de Monte-Cristo
4%
17 1988 9 136 266 L’Ours
4%
19 1974 8 893 996 Emmanuelle
3%
21 1947 8 649 691 Le Bataillon du ciel
1%
25 1952 8 125 766 Violettes impériales
1%
Aucun quiz correspondant
Distribution des résultats
% des personnes avec chaque résultat
Percentile par nombre de réponses
Votre historique - résultats
Vous n’avez pas pris ce quiz